000 00310nam a22001097a 4500
245 _aMarunaattile rubber krishi Keralathinu bheeshaniyo: Ulpadanam amithamaakkan saadhyatha kuravu
260 _aKottayam
_bKarshakaree, 28(6)
_c2022
300 _a67-68
310 _aMonthly
650 _aRubber price
942 _cJS
999 _c74681
_d74681